Co to za flaga? - Statystyki

Ogólne statystyki
  • Ten quiz został rozwiązany 40 razy
  • Średni wynik to 15 z 16
Statystyki odpowiedzi
Obrazkowy Odpowiedź % Poprawnych
Hiszpania
100%
Stany Zjednoczone
100%
Argentyna
97%
Japonia
97%
Kanada
97%
Szwajcaria
97%
Wielka Brytania
97%
Arabia Saudyjska
95%
Brazylia
95%
Francja
95%
Korea Południowa
95%
Australia
92%
Egipt
92%
Meksyk
92%
Indonezja
87%
Nepal
84%
Nie znaleziono quizów pasujących do podanych kryteriów
Rozkład punktacji
Procent ludzi z każdym wynikiem
Percentyl według liczby udzielonych odpowiedzi
Twoja historia wyników
Nie rozwiązałeś tego quizu